LIBRARY & INFORMATION CENTRE, KCAET, TAVANUR

ONLINE PUBLIC ACCESS CATALOGUE (OPAC)

Textbook of Machine Design (Record no. 13914)

MARC details
000 -LEADER
fixed length control field 00305nam a22001217a 4500
020 ## - INTERNATIONAL STANDARD BOOK NUMBER
ISBN 9788189638214
082 ## - DEWEY DECIMAL CLASSIFICATION NUMBER
Classification number 621.815
Item number JAL/TE
100 ## - MAIN ENTRY--AUTHOR NAME
Personal name Jalaludeen, Md. S
245 ## - TITLE STATEMENT
Title Textbook of Machine Design
250 ## - EDITION STATEMENT
Edition statement 3 rd Enlarged
260 ## - PUBLICATION, DISTRIBUTION, ETC. (IMPRINT)
Place of publication Kumbakonam
Name of publisher Anuradha Publications
Year of publication 2012
942 ## - ADDED ENTRY ELEMENTS (KOHA)
Koha item type Books
Holdings
Withdrawn status Lost status Damaged status Collection code Home library Current library Shelving location Date acquired Source of acquisition Cost, normal purchase price Full call number Accession Number Koha item type
      Non-fiction KAUAET KAUAET General Stacks 30/03/2013 Calicut Book Distributors 750.00 621.815 JAL/TE 23700 Books
        KAUAET KAUAET Scheme 23/08/2016 Aman Book Stall, Calicut. 750.00 621.815 JAL/TE BB 332 Book Bank scheme for SC students
        KAUAET KAUAET Scheme 23/08/2016 Aman Book Stall, Calicut. 750.00 621.815 JAL/TE BB 333 Book Bank scheme for SC students
        KAUAET KAUAET General Stacks 31/03/2018 Vigyan Books 900.00 621.815 JAL/TE 25716 Books
        KAUAET KAUAET General Stacks 31/03/2018 Vigyan Books 900.00 621.815 JAL/TE 25717 Books
free website counter